• 首页
  • 本馆介绍
  • 公告通知
  • 最新文献
  • 馆藏检索
  • 电子资源
  • 读者导购
  • 参考咨询
  • 我的图书馆
  • 登录
  • 详细信息显示
  • 放入我的书架
  • 预约/预借图书
  • 作者相关作品
  • 分类相关作品
  • 丛书相关作品
  • 出版社相关作品

书目信息

  • 表格格式
  • 工作单格式
  • 卡片格式
题名:
原发性肾小球肾炎的中西医治疗
    
 
作者: 闫晓萍 , 闫晓萍 编著
分册:  
出版信息: 上海   上海中医药大学出版社  2001.01
页数: 163页
开本: 20cm
丛书名: 专病专治丛书
单 册:
中图分类: R692.305
科图分类:
主题词: 原发性疾病--肾小球肾炎--中西医结合疗法
电子资源:
ISBN: 7-81010-531-0
000 01040oam2 2200289 45
001 ZWTS00000058
005 20060829084830.90
010    @a7-81010-531-0@dCNY10.00
035    @a(011001)c2001047385
092    @aCN@bTS01-012796
100    @a20010717d2001 em y0chiy0110 ea
101 0  @achi
102    @aCN@b310000
105    @ay z 000yy
200 1  @a原发性肾小球肾炎的中西医治疗@Ayuan fa xing shen xiao qiu shen yan de zhong xi yi zhi liao@f闫晓萍主编@Fyan xiao ping zhu bian
210    @a上海@c上海中医药大学出版社@d2001.01
215    @a163页@d20cm
225 2  @a专病专治丛书
330    @a本书系统地介绍了原发性肾小球肾炎的病因病理、诊断及鉴别诊断、国际通用分类法及多种检查手段等内容,重点介绍了原发性肾小球肾炎的中西医两套最新治疗方法。
461  0 @12001 @a专病专治丛书
606 0  @a原发性疾病@x肾小球肾炎@x中西医结合疗法
690    @aR692.305@v4
701  0 @a闫晓萍@Ayan xiao ping@4编著
701  0 @a闫晓萍@Ayan xiao ping@4主编
801  0 @aCN@bBZT@c20060829
905    @aBZT@dR692.305@e1
906    @dCNY10.00@n0@r1
    
    原发性肾小球肾炎的中西医治疗/闫晓萍主编.-上海:上海中医药大学出版社,2001.01
    163页;20cm.-(专病专治丛书)
    
    
    ISBN 7-81010-531-0:CNY10.00
    本书系统地介绍了原发性肾小球肾炎的病因病理、诊断及鉴别诊断、国际通用分类法及多种检查手段等内容,重点介绍了原发性肾小球肾炎的中西医两套最新治疗方法。
●
相关链接 在五车中查询图书 在当当中查询图书 在豆瓣中查询图书


正题名:原发性肾小球肾炎的中西医治疗     索取号:R692.305/1         预约/预借

序号 登录号 条形码 馆藏地/架位号 状态 备注
1 451354   230065119   中心书库中库/ 中库012架A面4列3层1/ [索取号:R692.305/1] 在馆    
2 451355   230065120   中心书库中库/ 中库012架A面4列3层3/ [索取号:R692.305/1] 在馆    
3 451356   230066243   中心书库中库/ 中库012架A面4列3层2/ [索取号:R692.305/1] 在馆    
4 451357   230066241   中心书库中库/ 中库012架A面4列3层4/ [索取号:R692.305/1] 在馆    
5 451358   230066240   中心书库中库/ 中库012架A面4列3层15/ [索取号:R692.305/1] 在馆    
山东省滨州职业学院图书馆 欢迎您!
大连网信软件有限公司© 版权所有